| 000 | 00683nam a22001937a 4500 | ||
|---|---|---|---|
| 003 | UA-OsUOA | ||
| 001 | 16260 | ||
| 007 | ta | ||
| 008 | 20031224b un ||||| |||| 00| 0 ukr d | ||
| 100 | _aБурченя В. | ||
| 700 | _aТуз В. | ||
| 942 | _cSA | ||
| 040 |
_aUA-OsUOA _cUA-OsUOA _dUA-OsUOA |
||
| 245 |
_aОлександр Федоров : В мені тече кров комуніста і козака _b[Політ. портрет першого секретаря Рівнен. міськкому КПУ О.Федерова] |
||
| 300 | _aС.11 | ||
| 955 | _a0 | ||
| 773 | 0 |
_w0 _tОго _dРівне _d2003 _g№176/ 10 жовт. / |
|
| 650 | 7 |
_aВидатні діячі _2UDC |
|
| 999 |
_c302425 _d302425 |
||